000 01255nam a22002897a 4500
003 PE SENCICO BE
005 20251020182650.0
008 240122b |||||||| |||| 00| 0 eng d
040 _aPE SENCICO BE
_cPE SENCICO BE
041 _aspa
084 _aI
_aDIS
_a2017
_bF17
100 1 _91889
_aFajardo Torres, Mayjeli Catherine
_eautor
245 1 _aElementos visuales de diseño /
_cMayjeli Catherine Fajardo Torres
246 _aDiseño interior de un lounge - bar
260 _aLima :
_c2017
300 _a[40] h.
_bil. col. diagrs.;
_c30 cm.
500 _aTexto en dos volúmenes. El volumen 2 contiene planos (40 x 60 cm.).
502 _aMonografía de Titulación.-- Servicio Nacional de Capacitación para la Industria de la Construcción. Escuela Superior Técnica. Carrera Profesional Técnica en Diseño de Interiores, 2017
505 0 _av. 1: Elementos visuales de diseño -- v. 2: Diseño interior de un longe - bar.
650 1 0 _944
_aDiseño de interiores
650 2 0 _91793
_aColor en el diseño
650 2 0 _989
_aPercepción visual
650 2 0 _9615
_aPlanos
710 1 _aServicio Nacional de Capacitación para la Industria de la Construcción.
_bEscuela Superior Técnica
_91065
910 _bhfp
_chfp
942 _cMON
_2ddc
999 _c4515
_d4515